[Event "Irena Warakomska Memorial A"]
[Site "Suwalki"]
[Date "2021.08.02"]
[Round "8"]
[White "Sliwicka, Alicja"]
[Black "Parol, Pawel"]
[Result "1-0"]
[Board "18"]
[WhiteElo "2308"]
[WhiteTitle "WIM"]
[WhiteCountry "POL"]
[WhiteFideId "1150677"]
[WhiteEloChange "6"]
[BlackElo "2144"]
[BlackCountry "POL"]
[BlackFideId "1119826"]
[BlackEloChange "-6"]

1. e4 {[%clk 1:28:32]} e6 {[%clk 1:30:46]} 2. d4 {[%clk 1:28:58]} d5 {[%clk
1:31:08]} 3. Nc3 {[%clk 1:29:23]} Bb4 {[%clk 1:30:49]} 4. exd5 {[%clk 1:29:48]}
exd5 {[%clk 1:30:35]} 5. Bd3 {[%clk 1:30:13]} Nf6 {[%clk 1:28:31]} 6. Ne2 {[%clk
1:30:15]} O-O {[%clk 1:28:06]} 7. O-O {[%clk 1:30:36]} Re8 {[%clk 1:26:45]} 8.
Ng3 {[%clk 1:30:48]} c6 {[%clk 1:20:47]} 9. Nce2 {[%clk 1:26:08]} Nbd7 {[%clk
1:10:28]} 10. c3 {[%clk 1:24:03]} Bf8 {[%clk 1:07:05]} 11. Nf5 {[%clk 1:20:57]}
Nb6 {[%clk 0:52:57]} 12. Neg3 {[%clk 1:17:25]} Nc4 {[%clk 0:45:09]} 13. Qf3
{[%clk 1:13:22]} Nd6 {[%clk 0:31:14]} 14. Nxd6 {[%clk 1:03:59]} Bxd6 {[%clk
0:28:15]} 15. Bg5 {[%clk 1:01:22]} Be7 {[%clk 0:23:53]} 16. Rae1 {[%clk 0:55:39]}
h6 {[%clk 0:20:07]} 17. Bxf6 {[%clk 0:49:10]} Bxf6 {[%clk 0:20:27]} 18. Rxe8+
{[%clk 0:47:27]} Qxe8 {[%clk 0:20:55]} 19. Nh5 {[%clk 0:40:50]} Bg5 {[%clk
0:12:19]} 20. Qg3 {[%clk 0:40:28]} Qe6 {[%clk 0:03:02]} 21. f4 {[%clk 0:38:47]}
Qg4 {[%clk 0:01:58]} 22. Qe3 {[%clk 0:37:23]} Bd7 {[%clk 0:00:33]} 23. Be2 {[%clk
0:37:36]} Qe6 {[%clk 0:00:31]} 24. Qxe6 {[%clk 0:37:55]} Bxe6 {[%clk 0:00:50]}
25. fxg5 {[%clk 0:38:19]} hxg5 {[%clk 0:01:08]} 26. Ng3 {[%clk 0:32:21]} g6
{[%clk 0:00:32]} 27. Bd3 {[%clk 0:30:56]} Kg7 {[%clk 0:00:33]} 28. Re1 {[%clk
0:30:37]} Rh8 {[%clk 0:00:34]} 29. b4 {[%clk 0:30:41]} b6 {[%clk 0:00:40]} 30. a4
{[%clk 0:30:47]} Rc8 {[%clk 0:00:54]} 31. Ne2 {[%clk 0:30:02]} Rc7 {[%clk
0:00:46]} 32. Rc1 {[%clk 0:29:41]} Re7 {[%clk 0:00:40]} 33. Kf2 {[%clk 0:29:11]}
c5 {[%clk 0:00:34]} 34. dxc5 {[%clk 0:29:05]} bxc5 {[%clk 0:00:59]} 35. b5 {[%clk
0:29:06]} Rb7 {[%clk 0:01:01]} 36. c4 {[%clk 0:28:31]} d4 {[%clk 0:00:56]} 37. a5
{[%clk 0:28:11]} Kf6 {[%clk 0:01:05]} 38. Ng3 {[%clk 0:26:44]} Bf5 {[%clk
0:00:36]} 39. Ne4+ {[%clk 0:26:23]} Bxe4 {[%clk 0:00:59]} 40. Bxe4 {[%clk
0:56:48]} Rb8 {[%clk 0:31:07]} 41. b6 {[%clk 0:56:45]} axb6 {[%clk 0:31:01]} 42.
a6 {[%clk 0:57:03]} 1-0

[Event "Irena Warakomska Memorial A"]
[Site "Suwalki"]
[Date "2021.08.02"]
[Round "8"]
[White "Budrewicz, Krzysztof"]
[Black "Dzhuguryan, Tygran"]
[Result "1/2-1/2"]
[Board "19"]
[WhiteElo "2279"]
[WhiteCountry "POL"]
[WhiteFideId "1127950"]
[WhiteEloChange "-3"]
[BlackElo "2176"]
[BlackCountry "POL"]
[BlackFideId "21872988"]
[BlackEloChange "3"]

1. d4 {[%clk 1:28:12]} Nf6 {[%clk 1:30:45]} 2. c4 {[%clk 1:28:29]} e6 {[%clk
1:31:04]} 3. Nf3 {[%clk 1:28:44]} Bb4+ {[%clk 1:28:28]} 4. Bd2 {[%clk 1:28:58]}
Qe7 {[%clk 1:28:22]} 5. a3 {[%clk 1:12:14]} Bxd2+ {[%clk 1:28:46]} 6. Nfxd2
{[%clk 1:11:37]} d6 {[%clk 1:28:48]} 7. Nc3 {[%clk 1:11:43]} O-O {[%clk 1:28:48]}
8. e4 {[%clk 1:09:39]} e5 {[%clk 1:24:10]} 9. d5 {[%clk 1:09:47]} c5 {[%clk
1:18:53]} 10. Be2 {[%clk 1:09:45]} Bd7 {[%clk 1:18:45]} 11. O-O {[%clk 1:06:12]}
Na6 {[%clk 1:19:04]} 12. Rb1 {[%clk 1:04:31]} Nc7 {[%clk 1:18:03]} 13. b4 {[%clk
1:04:23]} Na6 {[%clk 1:16:41]} 14. Re1 {[%clk 1:04:08]} g6 {[%clk 1:16:11]} 15.
Na2 {[%clk 0:45:05]} Kg7 {[%clk 1:16:29]} 16. Nc1 {[%clk 0:45:27]} Rfc8 {[%clk
1:04:12]} 17. Bf1 {[%clk 0:40:51]} Nh5 {[%clk 1:02:53]} 18. g3 {[%clk 0:37:43]}
Rcb8 {[%clk 1:01:36]} 19. b5 {[%clk 0:33:07]} Nc7 {[%clk 1:02:04]} 20. Nd3 {[%clk
0:33:25]} Ne8 {[%clk 1:02:18]} 21. Nb3 {[%clk 0:32:59]} b6 {[%clk 1:02:05]} 22.
a4 {[%clk 0:32:47]} a5 {[%clk 1:02:23]} 23. Rb2 {[%clk 0:32:46]} Bc8 {[%clk
1:00:36]} 24. f4 {[%clk 0:32:21]} Nhf6 {[%clk 0:59:26]} 25. Qf3 {[%clk 0:32:20]}
Ra7 {[%clk 0:58:18]} 26. Nbc1 {[%clk 0:31:51]} Ng8 {[%clk 0:57:49]} 27. h4 {[%clk
0:30:18]} exf4 {[%clk 0:46:37]} 28. Qxf4 {[%clk 0:29:14]} Qf6 {[%clk 0:46:39]}
29. Rf2 {[%clk 0:28:45]} Qxf4 {[%clk 0:44:42]} 30. gxf4 {[%clk 0:28:51]} Nh6
{[%clk 0:43:45]} 31. Ne2 {[%clk 0:25:27]} Re7 {[%clk 0:40:54]} 32. Ng3 {[%clk
0:25:51]} Bg4 {[%clk 0:39:11]} 33. Bg2 {[%clk 0:25:47]} Kf8 {[%clk 0:38:19]} 34.
Rff1 {[%clk 0:23:08]} Rd8 {[%clk 0:37:12]} 35. Nf2 {[%clk 0:23:06]} Nf6 {[%clk
0:33:13]} 36. e5 {[%clk 0:19:29]} Rde8 {[%clk 0:32:43]} 37. Nd3 {[%clk 0:19:39]}
Nd7 {[%clk 0:32:49]} 38. Ne4 {[%clk 0:18:15]} dxe5 {[%clk 0:32:07]} 39. Nd6
{[%clk 0:14:35]} Rd8 {[%clk 0:32:33]} 40. Nxe5 {[%clk 0:39:31]} Nf6 {[%clk
1:01:27]} 41. Ne4 {[%clk 0:39:33]} Nxe4 {[%clk 1:00:34]} 42. Bxe4 {[%clk
0:39:31]} Ree8 {[%clk 0:59:39]} 43. Kf2 {[%clk 0:29:43]} f6 {[%clk 0:58:04]} 44.
Nc6 {[%clk 0:26:44]} Rd7 {[%clk 0:55:15]} 45. Bf3 {[%clk 0:23:08]} Bf5 {[%clk
0:54:05]} 46. Rxe8+ {[%clk 0:22:04]} Kxe8 {[%clk 0:54:34]} 47. Re1+ {[%clk
0:22:23]} Kf7 {[%clk 0:54:35]} 48. h5 {[%clk 0:22:26]} Kf8 {[%clk 0:54:37]} 49.
hxg6 {[%clk 0:22:51]} hxg6 {[%clk 0:55:05]} 50. Be4 {[%clk 0:20:51]} Bxe4 {[%clk
0:51:53]} 51. Rxe4 {[%clk 0:21:19]} Nf5 {[%clk 0:52:22]} 52. Re6 {[%clk 0:21:20]}
Kf7 {[%clk 0:49:43]} 53. Re1 {[%clk 0:18:07]} Nd6 {[%clk 0:50:01]} 54. Rc1 {[%clk
0:18:34]} Kf8 {[%clk 0:49:59]} 55. Kf3 {[%clk 0:14:21]} Rh7 {[%clk 0:46:20]} 56.
Kg4 {[%clk 0:13:40]} Rh2 {[%clk 0:44:36]} 57. Nb8 {[%clk 0:12:57]} Ke8 {[%clk
0:34:39]} 58. Re1+ {[%clk 0:12:42]} Kf7 {[%clk 0:35:07]} 59. Nc6 {[%clk 0:12:38]}
Nxc4 {[%clk 0:34:03]} 60. Re7+ {[%clk 0:12:42]} Kf8 {[%clk 0:34:29]} 61. Rb7
{[%clk 0:11:12]} Rd2 {[%clk 0:33:46]} 62. Ne7 {[%clk 0:08:22]} Ke8 {[%clk
0:28:41]} 63. Kf3 {[%clk 0:07:01]} Rd3+ {[%clk 0:27:58]} 64. Kf2 {[%clk 0:07:28]}
g5 {[%clk 0:27:46]} 65. fxg5 {[%clk 0:06:39]} fxg5 {[%clk 0:28:15]} 66. Nc8
{[%clk 0:06:06]} Rxd5 {[%clk 0:28:11]} 67. Nxb6 {[%clk 0:06:32]} Nxb6 {[%clk
0:28:38]} 68. Rxb6 {[%clk 0:06:58]} Kd7 {[%clk 0:21:45]} 69. Rc6 {[%clk 0:07:15]}
g4 {[%clk 0:21:30]} 70. Kg3 {[%clk 0:07:21]} Rd3+ {[%clk 0:16:49]} 71. Kxg4
{[%clk 0:07:45]} Rd4+ {[%clk 0:17:12]} 72. Kf3 {[%clk 0:08:09]} Rxa4 {[%clk
0:17:31]} 73. Rxc5 {[%clk 0:08:35]} Rb4 {[%clk 0:17:57]} 74. Ke3 {[%clk 0:08:36]}
Kd6 {[%clk 0:17:38]} 75. Rc8 {[%clk 0:08:25]} Rxb5 {[%clk 0:17:59]} 76. Kd3
{[%clk 0:08:42]} Kd5 {[%clk 0:17:26]} 1/2-1/2

[Event "Irena Warakomska Memorial A"]
[Site "Suwalki"]
[Date "2021.08.02"]
[Round "8"]
[White "Indriunas, Matas"]
[Black "Kacprzak, Kacper"]
[Result "0-1"]
[Board "20"]
[WhiteElo "2210"]
[WhiteCountry "LTU"]
[WhiteFideId "12812897"]
[WhiteEloChange "-14"]
[BlackElo "2075"]
[BlackCountry "POL"]
[BlackFideId "21819319"]
[BlackEloChange "14"]

1. e4 {[%clk 1:30:57]} e5 {[%clk 1:30:48]} 2. Nf3 {[%clk 1:30:31]} Nc6 {[%clk
1:31:12]} 3. Bc4 {[%clk 1:19:19]} Nf6 {[%clk 1:31:37]} 4. d3 {[%clk 1:18:05]} Be7
{[%clk 1:32:01]} 5. O-O {[%clk 1:17:19]} O-O {[%clk 1:30:13]} 6. Re1 {[%clk
1:16:31]} d6 {[%clk 1:30:35]} 7. c3 {[%clk 1:16:25]} a6 {[%clk 1:27:54]} 8. Bb3
{[%clk 1:15:10]} Na5 {[%clk 1:27:23]} 9. Bc2 {[%clk 1:15:05]} c5 {[%clk 1:27:47]}
10. Nbd2 {[%clk 1:09:39]} Re8 {[%clk 1:23:53]} 11. b3 {[%clk 0:58:28]} Nc6 {[%clk
1:19:10]} 12. Bb2 {[%clk 0:56:53]} Bf8 {[%clk 1:17:32]} 13. d4 {[%clk 0:54:47]}
Qc7 {[%clk 1:14:09]} 14. Nf1 {[%clk 0:49:22]} cxd4 {[%clk 1:07:22]} 15. cxd4
{[%clk 0:49:46]} Bg4 {[%clk 1:07:48]} 16. d5 {[%clk 0:43:40]} Nd4 {[%clk
0:59:48]} 17. Bxd4 {[%clk 0:43:28]} exd4 {[%clk 1:00:08]} 18. Rc1 {[%clk
0:37:46]} Bxf3 {[%clk 0:58:35]} 19. Qxf3 {[%clk 0:35:49]} Qa5 {[%clk 0:56:37]}
20. Bb1 {[%clk 0:27:34]} Nxd5 {[%clk 0:45:44]} 21. Qd1 {[%clk 0:20:50]} Nc3
{[%clk 0:36:11]} 22. Qxd4 {[%clk 0:21:10]} Rac8 {[%clk 0:34:58]} 23. Qd2 {[%clk
0:14:45]} Qe5 {[%clk 0:31:46]} 24. f4 {[%clk 0:12:45]} Qc5+ {[%clk 0:27:05]} 25.
Kh1 {[%clk 0:12:56]} b5 {[%clk 0:25:14]} 26. Ne3 {[%clk 0:08:24]} g6 {[%clk
0:20:31]} 27. Nd5 {[%clk 0:08:18]} Bg7 {[%clk 0:20:41]} 28. f5 {[%clk 0:05:12]}
Qd4 {[%clk 0:19:02]} 29. Qc2 {[%clk 0:02:06]} Bh6 {[%clk 0:11:18]} 30. f6 {[%clk
0:00:40]} Bxc1 {[%clk 0:10:16]} 31. Rxc1 {[%clk 0:01:04]} Nxd5 {[%clk 0:09:12]}
32. Qxc8 {[%clk 0:01:14]} Nxf6 {[%clk 0:09:38]} 33. Qxa6 {[%clk 0:00:37]} Ng4
{[%clk 0:06:58]} 34. h3 {[%clk 0:00:54]} Nf2+ {[%clk 0:02:44]} 35. Kh2 {[%clk
0:01:19]} Qe5+ {[%clk 0:02:37]} 36. g3 {[%clk 0:00:35]} Qh5 {[%clk 0:01:42]} 37.
Kg2 {[%clk 0:00:33]} Nxe4 {[%clk 0:01:06]} 38. Bxe4 {[%clk 0:00:41]} Qe2+ {[%clk
0:01:08]} 39. Kg1 {[%clk 0:00:43]} Qe3+ {[%clk 0:01:19]} 40. Kh2 {[%clk 0:31:08]}
Qxc1 {[%clk 0:31:32]} 41. Bg2 {[%clk 0:30:57]} Qc5 {[%clk 0:31:33]} 42. a4 {[%clk
0:31:14]} bxa4 {[%clk 0:30:52]} 43. bxa4 {[%clk 0:31:40]} Re3 {[%clk 0:30:50]}
44. a5 {[%clk 0:30:53]} Qe5 {[%clk 0:29:07]} 45. Qa8+ {[%clk 0:30:45]} Kg7 {[%clk
0:29:31]} 46. Bf3 {[%clk 0:31:14]} Ra3 {[%clk 0:27:13]} 47. a6 {[%clk 0:31:13]}
Ra2+ {[%clk 0:27:32]} 48. Bg2 {[%clk 0:31:37]} d5 {[%clk 0:27:36]} 49. a7 {[%clk
0:31:52]} Qe4 {[%clk 0:27:28]} 0-1

[Event "Irena Warakomska Memorial A"]
[Site "Suwalki"]
[Date "2021.08.02"]
[Round "8"]
[White "Shilov, Sergej"]
[Black "Karolczuk, Iwo"]
[Result "1/2-1/2"]
[Board "21"]
[WhiteElo "2197"]
[WhiteTitle "FM"]
[WhiteCountry "UKR"]
[WhiteFideId "14101505"]
[WhiteEloChange "-2"]
[BlackElo "2129"]
[BlackCountry "POL"]
[BlackFideId "21816972"]
[BlackEloChange "2"]

1. c4 {[%clk 1:30:52]} c5 {[%clk 1:30:12]} 2. Nc3 {[%clk 1:30:55]} g6 {[%clk
1:30:35]} 3. g3 {[%clk 1:28:41]} Bg7 {[%clk 1:30:57]} 4. Bg2 {[%clk 1:29:10]} Nc6
{[%clk 1:31:09]} 5. a3 {[%clk 1:28:24]} a6 {[%clk 1:30:15]} 6. Rb1 {[%clk
1:27:02]} Rb8 {[%clk 1:30:36]} 7. b4 {[%clk 1:25:59]} cxb4 {[%clk 1:30:59]} 8.
axb4 {[%clk 1:26:28]} b5 {[%clk 1:31:22]} 9. cxb5 {[%clk 1:25:40]} axb5 {[%clk
1:31:48]} 10. Nf3 {[%clk 1:25:58]} d5 {[%clk 1:30:02]} 11. d4 {[%clk 1:17:51]}
Bf5 {[%clk 1:25:08]} 12. Rb2 {[%clk 1:15:24]} Nf6 {[%clk 1:15:55]} 13. O-O {[%clk
1:15:10]} Ne4 {[%clk 1:15:40]} 14. Rb3 {[%clk 1:05:05]} O-O {[%clk 1:08:29]} 15.
Bf4 {[%clk 1:05:12]} Rc8 {[%clk 0:53:25]} 16. Nxb5 {[%clk 0:53:43]} Qb6 {[%clk
0:53:40]} 17. Nc3 {[%clk 0:50:49]} Nxc3 {[%clk 0:49:06]} 18. Rxc3 {[%clk
0:51:17]} Qxb4 {[%clk 0:46:54]} 19. Rb3 {[%clk 0:48:53]} Qa4 {[%clk 0:43:53]} 20.
Rb7 {[%clk 0:47:50]} Qa6 {[%clk 0:43:40]} 21. Rb2 {[%clk 0:46:07]} Be4 {[%clk
0:41:59]} 22. Ne5 {[%clk 0:38:47]} Nxe5 {[%clk 0:33:29]} 23. Bxe5 {[%clk
0:38:59]} Bxg2 {[%clk 0:32:47]} 24. Kxg2 {[%clk 0:38:58]} Bxe5 {[%clk 0:32:41]}
25. dxe5 {[%clk 0:39:18]} Qc4 {[%clk 0:31:53]} 26. Rd2 {[%clk 0:37:10]} Qe4+
{[%clk 0:30:10]} 27. f3 {[%clk 0:37:27]} Qxe5 {[%clk 0:30:34]} 28. Rxd5 {[%clk
0:37:55]} Qb2 {[%clk 0:29:57]} 29. Rd2 {[%clk 0:36:35]} Qh8 {[%clk 0:29:49]}
1/2-1/2

[Event "Irena Warakomska Memorial A"]
[Site "Suwalki"]
[Date "2021.08.02"]
[Round "8"]
[White "Golenia, Jan"]
[Black "Sowul, Bartosz"]
[Result "0-1"]
[Board "22"]
[WhiteElo "2103"]
[WhiteCountry "POL"]
[WhiteFideId "21800227"]
[WhiteEloChange "-8"]
[BlackElo "2186"]
[BlackCountry "POL"]
[BlackFideId "1137590"]
[BlackEloChange "8"]

1. c4 {[%clk 1:30:36]} c5 {[%clk 1:30:51]} 2. Nc3 {[%clk 1:29:46]} Nc6 {[%clk
1:31:14]} 3. g3 {[%clk 1:29:45]} g6 {[%clk 1:31:36]} 4. Bg2 {[%clk 1:30:00]} Bg7
{[%clk 1:32:01]} 5. Nf3 {[%clk 1:30:06]} e5 {[%clk 1:32:11]} 6. d3 {[%clk
1:29:36]} Nge7 {[%clk 1:32:23]} 7. O-O {[%clk 1:27:56]} d6 {[%clk 1:32:31]} 8. a3
{[%clk 1:27:49]} O-O {[%clk 1:31:12]} 9. Rb1 {[%clk 1:27:42]} a5 {[%clk 1:29:39]}
10. Nd5 {[%clk 1:22:48]} Nxd5 {[%clk 1:23:00]} 11. cxd5 {[%clk 1:23:13]} Ne7
{[%clk 1:23:21]} 12. e4 {[%clk 1:21:06]} b5 {[%clk 1:13:12]} 13. a4 {[%clk
1:15:13]} Bd7 {[%clk 1:02:22]} 14. Nd2 {[%clk 0:58:33]} Qb6 {[%clk 0:57:20]} 15.
axb5 {[%clk 0:49:31]} Bxb5 {[%clk 0:57:35]} 16. Nc4 {[%clk 0:49:30]} Bxc4 {[%clk
0:55:04]} 17. dxc4 {[%clk 0:49:44]} a4 {[%clk 0:52:15]} 18. Ra1 {[%clk 0:43:16]}
Qb4 {[%clk 0:40:16]} 19. Qc2 {[%clk 0:42:32]} Rfb8 {[%clk 0:40:33]} 20. Ra3
{[%clk 0:41:09]} Kh8 {[%clk 0:35:29]} 21. Bh3 {[%clk 0:33:52]} Ra7 {[%clk
0:34:09]} 22. Bg4 {[%clk 0:25:42]} Ng8 {[%clk 0:12:20]} 23. Bd1 {[%clk 0:22:34]}
Bh6 {[%clk 0:12:34]} 24. Bxh6 {[%clk 0:19:46]} Nxh6 {[%clk 0:12:58]} 25. Rxa4
{[%clk 0:04:37]} Rxa4 {[%clk 0:13:19]} 26. Qxa4 {[%clk 0:05:04]} Qxa4 {[%clk
0:13:24]} 27. Bxa4 {[%clk 0:05:30]} Rxb2 {[%clk 0:13:46]} 28. h3 {[%clk 0:04:34]}
Re2 {[%clk 0:09:28]} 29. f3 {[%clk 0:05:01]} f5 {[%clk 0:09:35]} 30. Bd1 {[%clk
0:01:47]} Rd2 {[%clk 0:09:37]} 31. g4 {[%clk 0:02:16]} fxe4 {[%clk 0:07:39]} 32.
fxe4 {[%clk 0:02:37]} Kg7 {[%clk 0:08:01]} 33. Ba4 {[%clk 0:02:20]} Rd4 {[%clk
0:00:55]} 34. g5 {[%clk 0:02:04]} Nf7 {[%clk 0:00:56]} 35. h4 {[%clk 0:02:31]}
Rxe4 {[%clk 0:01:18]} 36. Be8 {[%clk 0:02:59]} Rg4+ {[%clk 0:01:28]} 37. Kh2
{[%clk 0:03:19]} Rxh4+ {[%clk 0:01:43]} 38. Kg3 {[%clk 0:03:43]} Rf4 {[%clk
0:02:05]} 39. Rxf4 {[%clk 0:03:17]} exf4+ {[%clk 0:02:30]} 40. Kxf4 {[%clk
0:33:44]} Ne5 {[%clk 0:31:35]} 0-1

[Event "Irena Warakomska Memorial A"]
[Site "Suwalki"]
[Date "2021.08.02"]
[Round "8"]
[White "Chyzy, Jakub"]
[Black "Krzywda, Andrzej"]
[Result "1-0"]
[Board "23"]
[WhiteElo "2257"]
[WhiteTitle "FM"]
[WhiteCountry "POL"]
[WhiteFideId "21806209"]
[WhiteEloChange "6"]
[BlackElo "2105"]
[BlackTitle "CM"]
[BlackCountry "POL"]
[BlackFideId "1114565"]
[BlackEloChange "-6"]

1. e4 {[%clk 1:30:58]} c5 {[%clk 1:30:56]} 2. Nf3 {[%clk 1:31:22]} Nc6 {[%clk
1:31:21]} 3. d4 {[%clk 1:31:43]} cxd4 {[%clk 1:31:47]} 4. Nxd4 {[%clk 1:32:09]}
g6 {[%clk 1:32:12]} 5. Nc3 {[%clk 1:32:27]} Bg7 {[%clk 1:32:37]} 6. Be3 {[%clk
1:32:53]} Nf6 {[%clk 1:33:03]} 7. Nxc6 {[%clk 1:33:19]} bxc6 {[%clk 1:33:26]} 8.
e5 {[%clk 1:33:46]} Ng8 {[%clk 1:33:51]} 9. f4 {[%clk 1:34:13]} Nh6 {[%clk
1:34:09]} 10. Qd2 {[%clk 1:29:30]} O-O {[%clk 1:34:11]} 11. O-O-O {[%clk
1:28:50]} d6 {[%clk 1:33:58]} 12. exd6 {[%clk 1:26:30]} Nf5 {[%clk 1:34:08]} 13.
Bf2 {[%clk 1:10:13]} Rb8 {[%clk 1:34:32]} 14. d7 {[%clk 1:04:30]} Bxd7 {[%clk
1:30:15]} 15. Qxd7 {[%clk 1:01:16]} Qa5 {[%clk 1:30:11]} 16. Qxa7 {[%clk
0:40:06]} Qb4 {[%clk 1:24:41]} 17. Qa3 {[%clk 0:20:38]} Qxf4+ {[%clk 0:48:32]}
18. Rd2 {[%clk 0:20:12]} Bh6 {[%clk 0:41:46]} 19. Be1 {[%clk 0:20:10]} Rbd8
{[%clk 0:08:30]} 20. Bd3 {[%clk 0:20:00]} Ne3 {[%clk 0:06:48]} 21. Kb1 {[%clk
0:17:03]} Nxg2 {[%clk 0:02:31]} 22. Rd1 {[%clk 0:14:22]} Qg4 {[%clk 0:00:44]} 23.
Bd2 {[%clk 0:13:45]} Bg7 {[%clk 0:00:53]} 24. Rhg1 {[%clk 0:12:23]} Bd4 {[%clk
0:01:03]} 25. Rgf1 {[%clk 0:05:00]} c5 {[%clk 0:01:32]} 26. Bh6 {[%clk 0:03:33]}
Ra8 {[%clk 0:01:13]} 27. Qb3 {[%clk 0:03:34]} Rab8 {[%clk 0:01:42]} 28. Nb5
{[%clk 0:03:47]} Ne3 {[%clk 0:00:53]} 29. Bxe3 {[%clk 0:02:56]} Bxe3 {[%clk
0:01:17]} 30. Bc4 {[%clk 0:02:59]} e6 {[%clk 0:01:27]} 31. Qxe3 {[%clk 0:02:06]}
Qxc4 {[%clk 0:01:48]} 32. Nd6 {[%clk 0:02:20]} Qb4 {[%clk 0:01:18]} 33. b3 {[%clk
0:02:35]} c4 {[%clk 0:01:17]} 34. Nxf7 {[%clk 0:01:36]} cxb3 {[%clk 0:01:31]} 35.
Nh6+ {[%clk 0:01:46]} Kg7 {[%clk 0:00:52]} 36. Rd7+ {[%clk 0:02:11]} Kh8 {[%clk
0:01:06]} 37. Qe5+ {[%clk 0:02:36]} 1-0

[Event "Irena Warakomska Memorial A"]
[Site "Suwalki"]
[Date "2021.08.02"]
[Round "8"]
[White "Parol, Pola"]
[Black "Schippers, Maurice"]
[Result "1/2-1/2"]
[Board "24"]
[WhiteElo "2111"]
[WhiteTitle "WFM"]
[WhiteCountry "POL"]
[WhiteFideId "1163116"]
[WhiteEloChange "5"]
[BlackElo "2292"]
[BlackTitle "FM"]
[BlackCountry "NED"]
[BlackFideId "1004735"]
[BlackEloChange "-5"]

1. e4 {[%clk 1:30:57]} e6 {[%clk 1:30:52]} 2. d4 {[%clk 1:31:11]} d5 {[%clk
1:31:17]} 3. Nd2 {[%clk 1:31:22]} Nc6 {[%clk 1:30:56]} 4. Ngf3 {[%clk 1:30:42]}
Nf6 {[%clk 1:31:12]} 5. e5 {[%clk 1:30:25]} Nd7 {[%clk 1:31:36]} 6. Be2 {[%clk
1:29:52]} f6 {[%clk 1:31:41]} 7. exf6 {[%clk 1:29:47]} Qxf6 {[%clk 1:32:04]} 8.
Nf1 {[%clk 1:29:17]} Bd6 {[%clk 1:32:20]} 9. Ne3 {[%clk 1:29:03]} O-O {[%clk
1:32:06]} 10. O-O {[%clk 1:28:15]} Qg6 {[%clk 1:28:26]} 11. c4 {[%clk 1:26:53]}
Nf6 {[%clk 1:27:09]} 12. c5 {[%clk 1:26:06]} Be7 {[%clk 1:27:34]} 13. Bb5 {[%clk
1:25:23]} Bd7 {[%clk 1:27:59]} 14. Bxc6 {[%clk 1:25:00]} Bxc6 {[%clk 1:28:24]}
15. Ne5 {[%clk 1:24:56]} Qe8 {[%clk 1:28:49]} 16. a4 {[%clk 1:24:38]} Nd7 {[%clk
1:23:49]} 17. N3g4 {[%clk 1:13:39]} h5 {[%clk 1:19:35]} 18. Nxd7 {[%clk 1:12:47]}
Bxd7 {[%clk 1:19:40]} 19. Ne5 {[%clk 1:13:02]} Rf5 {[%clk 1:19:39]} 20. f4 {[%clk
0:54:48]} Bf6 {[%clk 1:17:26]} 21. Nf3 {[%clk 0:53:27]} b6 {[%clk 1:16:01]} 22.
Qc2 {[%clk 0:44:43]} bxc5 {[%clk 1:12:16]} 23. Qxc5 {[%clk 0:41:05]} Bxa4 {[%clk
1:06:31]} 24. Qxc7 {[%clk 0:39:44]} a6 {[%clk 1:01:34]} 25. Bd2 {[%clk 0:34:22]}
Bb5 {[%clk 0:55:07]} 26. Rfc1 {[%clk 0:29:31]} Be2 {[%clk 0:53:56]} 27. Ne5
{[%clk 0:29:22]} Bxe5 {[%clk 0:53:18]} 28. dxe5 {[%clk 0:29:05]} Qg6 {[%clk
0:51:14]} 29. Ra3 {[%clk 0:27:25]} h4 {[%clk 0:45:53]} 30. Qe7 {[%clk 0:25:09]}
Rh5 {[%clk 0:44:59]} 31. h3 {[%clk 0:18:40]} Re8 {[%clk 0:37:13]} 32. Qa7 {[%clk
0:15:58]} Bc4 {[%clk 0:28:41]} 33. Rac3 {[%clk 0:14:54]} Rf5 {[%clk 0:21:36]} 34.
b3 {[%clk 0:14:32]} Bb5 {[%clk 0:22:00]} 35. Rc7 {[%clk 0:11:48]} Bd3 {[%clk
0:20:08]} 36. Qf2 {[%clk 0:09:18]} Be4 {[%clk 0:17:31]} 37. Ra7 {[%clk 0:06:37]}
Ref8 {[%clk 0:14:01]} 38. Rcc7 {[%clk 0:06:27]} R5f7 {[%clk 0:13:39]} 39. Rxf7
{[%clk 0:04:50]} Rxf7 {[%clk 0:14:04]} 40. Rxa6 {[%clk 0:33:08]} d4 {[%clk
0:39:12]} 41. b4 {[%clk 0:21:26]} Bd5 {[%clk 0:30:31]} 42. Rd6 {[%clk 0:17:36]}
Qe4 {[%clk 0:23:31]} 43. Rd8+ {[%clk 0:13:14]} Rf8 {[%clk 0:23:48]} 44. Rxf8+
{[%clk 0:13:35]} Kxf8 {[%clk 0:24:12]} 45. Qf3 {[%clk 0:07:26]} Qb1+ {[%clk
0:19:44]} 46. Qf1 {[%clk 0:07:52]} Qc2 {[%clk 0:19:01]} 47. Qc1 {[%clk 0:06:11]}
Qe4 {[%clk 0:18:20]} 48. Qc8+ {[%clk 0:04:17]} Kf7 {[%clk 0:17:56]} 49. Qd7+
{[%clk 0:04:42]} Kf8 {[%clk 0:17:16]} 1/2-1/2